00242nam a2200085Ia 4500008004100000041000800041100002000049245005200069260003500121241105s9999 xx 000 0 und d aeng aShirsath Shreya aIntegrated Bus Terminus For Msrtc At Ahmednagar bFinal Year B. Arch, BNCAc2014